Online katalóg knižníc regiónu Turca

Denník odvážneho bojka (Record no. 22708)

MARC details
000 -LEADER
fixed length control field 01719cam a2200493 4500
001 - CONTROL NUMBER
control field 22708
003 - CONTROL NUMBER IDENTIFIER
control field SK-KTurca
005 - DATE AND TIME OF LATEST TRANSACTION
control field 20260421144548.0
008 - FIXED-LENGTH DATA ELEMENTS--GENERAL INFORMATION
fixed length control field 171123s2016 xo a cr 000 j slo
015 ## - NATIONAL BIBLIOGRAPHY NUMBER
National bibliography number SNBA2016/04
020 ## - INTERNATIONAL STANDARD BOOK NUMBER
International Standard Book Number 9788055146645
Qualifying information (viazané)
035 ## - SYSTEM CONTROL NUMBER
System control number B29681E7-B99E-44A8-A63B-2E29F7E6F926
035 ## - SYSTEM CONTROL NUMBER
System control number urn:nbn:sk:snk-amtfzu
035 ## - SYSTEM CONTROL NUMBER
System control number urn:nbn:sk:snk-am00bd6b
040 ## - CATALOGING SOURCE
Original cataloging agency PPPK
Language of cataloging slo
Transcribing agency PPPK
Modifying agency SNK
Description conventions rda
041 1# - LANGUAGE CODE
Language code of text/sound track or separate title slo
Language code of original eng
044 ## - COUNTRY OF PUBLISHING/PRODUCING ENTITY CODE
MARC country code xo
ISO country code SK
072 #7 - SUBJECT CATEGORY CODE
Subject category code 821.111(73)-3
Subject category code subdivision Americká próza
Source konspekt
072 #7 - SUBJECT CATEGORY CODE
Subject category code 821-93
Subject category code subdivision Literatúra pre deti a mládež (beletria)
Source konspekt
080 ## - UNIVERSAL DECIMAL CLASSIFICATION NUMBER
Universal Decimal Classification number 821.111(73)-32
Edition identifier 2011
080 ## - UNIVERSAL DECIMAL CLASSIFICATION NUMBER
Universal Decimal Classification number 82-93-053.4/.5
Edition identifier 2011
080 ## - UNIVERSAL DECIMAL CLASSIFICATION NUMBER
Universal Decimal Classification number (093.3)
Edition identifier 2011
100 1# - MAIN ENTRY--PERSONAL NAME
Personal name Kinney, Jeff,
Dates associated with a name 1971-
Relationship aut
240 10 - UNIFORM TITLE
Uniform title Diary of a Wimpy Kid: Hard Luck
Language of a work Slovensky
245 10 - TITLE STATEMENT
Title Denník odvážneho bojka
Number of part/section of a work 8
Name of part/section of a work To je ale smola
Statement of responsibility, etc. Jeff Kinney ; z anglického originálu Diary of a Wimpy Kid: Hard Luck ... preložila Elena Guričanová
246 30 - VARYING FORM OF TITLE
Title proper/short title To je ale smola
264 #1 - PRODUCTION, PUBLICATION, DISTRIBUTION, MANUFACTURE, AND COPYRIGHT NOTICE
Place of production, publication, distribution, manufacture Bratislava
Name of producer, publisher, distributor, manufacturer Ikar
Date of production, publication, distribution, manufacture, or copyright notice 2016
300 ## - PHYSICAL DESCRIPTION
Extent 217 strán
Other physical details ilustrácie
Dimensions 22 cm
336 ## - CONTENT TYPE
Content type term text
Content type code txt
Source rdacontent
336 ## - CONTENT TYPE
Content type term statický obraz
Content type code sti
Source rdacontent
337 ## - MEDIA TYPE
Media type term bez média
Media type code n
Source rdamedia
338 ## - CARRIER TYPE
Carrier type term zväzok
Carrier type code nc
Source rdacarrier
500 ## - GENERAL NOTE
General note Preložené z angličtiny
521 1# - TARGET AUDIENCE NOTE
Target audience note Pre čitateľov od 10 rokov
655 #7 - INDEX TERM--GENRE/FORM
Genre/form data or focus term americké príbehy
Source of term SNKPH
655 #7 - INDEX TERM--GENRE/FORM
Genre/form data or focus term literatúra pre deti
Source of term SNKPH
655 #7 - INDEX TERM--GENRE/FORM
Genre/form data or focus term American stories
Source of term SNKPHeng
655 #7 - INDEX TERM--GENRE/FORM
Genre/form data or focus term Children’s literature
Source of term SNKPHeng
655 #7 - INDEX TERM--GENRE/FORM
Genre/form data or focus term denníky
Source of term SNKPH
655 #7 - INDEX TERM--GENRE/FORM
Genre/form data or focus term Diaries
Source of term SNKPHeng
700 1# - ADDED ENTRY--PERSONAL NAME
Personal name Guričanová, Elena
Relationship trl
787 08 - OTHER RELATIONSHIP ENTRY
Relationship information Zo série:
Title Denník odvážneho bojka
Related parts 8
942 ## - ADDED ENTRY ELEMENTS (KOHA)
Source of classification or shelving scheme Dewey Decimal Classification
Koha item type Krásna literatúra pre deti
Suppress in OPAC No
Holdings
Stav vyradenia Strata Poškodenie Spôsob nadobudnutia Domovská knižnica Aktuálna knižnica Dátum nadobudnutia Cena Total checkouts Čiarový kód exemplára Date last seen Typ exemplára
      Kúpa Obecná knižnica Horná Štubňa Obecná knižnica Horná Štubňa 21.04.2026 2.50   9788055146645 21.04.2026 Krásna literatúra pre deti
Projekt je podporený Slovenskou asociáciou knižníc
Prevádzkuje Turčianska knižnica Martin 2026